• 首页
  • 本馆介绍
  • 公告通知
  • 最新文献
  • 馆藏检索
  • 电子资源
  • 读者导购
  • 参考咨询
  • 我的图书馆
  • 登录
  • 详细信息显示
  • 放入我的书架
  • 预约/预借图书
  • 作者相关作品
  • 分类相关作品
  • 丛书相关作品
  • 出版社相关作品

书目信息

  • 表格格式
  • 工作单格式
  • 卡片格式
题名:
中国共产党新闻工作文件汇编
    
 
作者: ;中国社会科学院新闻研究所 编
分册: 上卷  
出版信息: 北京   新华出版社  1980.6
页数: 422页
开本: 20cm
丛书名:
单 册:
中图分类: G219.20
科图分类:
主题词: 新闻学 , 新闻工作
电子资源:
ISBN:
000 00729nam0 2200229 45
001 0304101039
005 20031219104109.1
010    @dCNY4.50
091    @a7203.006
100    @a20030410d1980 km y0chiy0120 ea
101 0  @achi
105    @a z 000yy
200 1  @a中国共产党新闻工作文件汇编@h上卷@AZhong Guo Gong Chan Dang Xin Wen Gong Zuo Wen Jian Hui Bian@e1921-1949@f中国社会科学院新闻研究所编@FZhong GuoShe Hui Ke Xue Yuan Xin Wen Yan Jiu Suo Bian
210    @a北京@c新华出版社@d1980.6
215    @a422页@d20cm
517    @a1921-1949
606 0  @a新闻学
606 0  @a新闻工作
690    @aG219.20@v3
711 02 @a中国社会科学院新闻研究所@4编
801    @aCN@bTSTC@c20030410
905    @f2@b228600-601@dG219.20@e85:1
    
    中国共产党新闻工作文件汇编.上卷:1921-1949/中国社会科学院新闻研究所编.-北京:新华出版社,1980.6
    422页;20cm
    
    
    ISBN :CNY4.50
    
●
相关链接 在E读中查询图书 在五车中查询图书 在当当中查询图书 在豆瓣中查询图书


正题名:中国共产党新闻工作文件汇编     索取号:G219.20/85:1         预约/预借

序号 登录号 条形码 馆藏地/架位号 状态 备注
1 0228600   001792723   密集书库/ [索取号:G219.20/85:1] 在馆    
2 0228601   001792769   密集书库/ [索取号:G219.20/85:1] 在馆    
唐山师范学院图书馆 欢迎您!
大连网信软件有限公司© 版权所有